Quantitative Techniques (Record no. 310223)

MARC details
000 -LEADER
fixed length control field 00437nam a2200169Ia 4500
008 - FIXED-LENGTH DATA ELEMENTS--GENERAL INFORMATION
fixed length control field 230718s9999 xx 000 0 und d
041 ## - LANGUAGE CODE
Language code of text/sound track or separate title eng
082 ## - DEWEY DECIMAL CLASSIFICATION NUMBER
Classification number 368.2
Item number LUC
100 ## - MAIN ENTRY--PERSONAL NAME
Personal name Lucey Terry
9 (RLIN) 160258
245 ## - TITLE STATEMENT
Title Quantitative Techniques
250 ## - EDITION STATEMENT
Edition statement 6th ed.
260 ## - PUBLICATION, DISTRIBUTION, ETC. (IMPRINT)
Date of publication, distribution, etc. 2003
Name of publisher, distributor, etc. Thomson Publication
300 ## - PHYSICAL DESCRIPTION
Extent 558
365 ## - TRADE PRICE
Currency code Rs.
Price amount 357.00
700 ## - ADDED ENTRY--PERSONAL NAME
Personal name Lucey Terry
9 (RLIN) 160258
906 ## - LOCAL DATA ELEMENT F, LDF (RLIN)
d B:6876/13.12.0430-Aug-2005
c OTH
b 71.4
Holdings
Withdrawn status Lost status Damaged status Not for loan Home library Current library Date acquired Vendor Budget Code Cost, normal purchase price Bill number Total Checkouts Full call number Barcode Date last seen Discount Cost, replacement price Bill Date Koha item type Original Barcode
        Cummins College of Engineering for Women Pune Cummins College of Engineering for Women Pune 19/03/2005 Tbs OTH 285.60 6876/13.12.04   368.2 CCEP-BK-21430 18/07/2023 71.4 357.00 30/08/2005 Books 021430